Brad Pitt Movies by Picture - Statistics

General Stats
  • This quiz has been taken 73 times
  • The average score is 10 of 16
Answer Stats
Picture Answer % Correct
Fight Club
98%
Ocean's Eleven
91%
Inglorious Basterds
85%
Mr & Mrs Smith
82%
Once Upon a Time in Hollywood
80%
Troy
80%
Se7en
79%
Moneyball
73%
World War Z
64%
Fury
62%
Snatch
61%
12 Monkeys
53%
Ad Astra
44%
The Big Short
33%
12 Years a Slave
24%
Killing Them Softly
18%
No matching quizzes found
Score Distribution
Percent of People with Each Score
Percentile by Number Answered
Your Score History
You have not taken this quiz